Evolution of the Vertebrate Ear Evidence from the Fossil Record /

The evolution of vertebrate hearing is of considerable interest in the hearing community. However, there has never been a volume that has focused on the paleontological evidence for the evolution of hearing and the ear, especially from the perspective of some of the leading paleontologists and evolu...

Πλήρης περιγραφή

Λεπτομέρειες βιβλιογραφικής εγγραφής
Συγγραφή απο Οργανισμό/Αρχή: SpringerLink (Online service)
Άλλοι συγγραφείς: Clack, Jennifer A. (Επιμελητής έκδοσης), Fay, Richard R. (Επιμελητής έκδοσης), Popper, Arthur N. (Επιμελητής έκδοσης)
Μορφή: Ηλεκτρονική πηγή Ηλ. βιβλίο
Γλώσσα:English
Έκδοση: Cham : Springer International Publishing : Imprint: Springer, 2016.
Σειρά:Springer Handbook of Auditory Research, 59
Θέματα:
Διαθέσιμο Online:Full Text via HEAL-Link
LEADER 03184nam a22004815i 4500
001 978-3-319-46661-3
003 DE-He213
005 20161221085455.0
007 cr nn 008mamaa
008 161221s2016 gw | s |||| 0|eng d
020 |a 9783319466613  |9 978-3-319-46661-3 
024 7 |a 10.1007/978-3-319-46661-3  |2 doi 
040 |d GrThAP 
050 4 |a RF1-547 
072 7 |a MJP  |2 bicssc 
072 7 |a MED066000  |2 bisacsh 
082 0 4 |a 617.51  |2 23 
245 1 0 |a Evolution of the Vertebrate Ear  |h [electronic resource] :  |b Evidence from the Fossil Record /  |c edited by Jennifer A. Clack, Richard R Fay, Arthur N. Popper. 
264 1 |a Cham :  |b Springer International Publishing :  |b Imprint: Springer,  |c 2016. 
300 |a XVI, 355 p. 116 illus., 52 illus. in color.  |b online resource. 
336 |a text  |b txt  |2 rdacontent 
337 |a computer  |b c  |2 rdamedia 
338 |a online resource  |b cr  |2 rdacarrier 
347 |a text file  |b PDF  |2 rda 
490 1 |a Springer Handbook of Auditory Research,  |x 0947-2657 ;  |v 59 
505 0 |a Preface -- Vertebrate Diversity in a Sensory System: The Fossil Record of Otic Evolution -- Actinopterygians: The Ray-Finned Fishes—an Explosion of Diversity -- Sarcopterygians: From Lobe-Finned Fishes to the Tetrapod Stem Group -- Early Tetrapods: Experimenting with Form and Function -- Nonmammalian Synapsids: The Beginning of the Mammal Line -- Evolution of the Middle and Inner Ears of Mammaliaforms: The Approach to Mammals -- Evolution of the Ear of Mammals: From Monotremes to Humans -- Basal Reptilians, Marine Diapsids, and Turtles: The Flowering of Reptile Diversity -- The Lepidosaurian Ear: Variations on a Theme -- Archosaurs and their Kin: The Ruling Reptiles -- Amphibia: A Case of Diversity and Convergence in the Auditory Region. 
520 |a The evolution of vertebrate hearing is of considerable interest in the hearing community. However, there has never been a volume that has focused on the paleontological evidence for the evolution of hearing and the ear, especially from the perspective of some of the leading paleontologists and evolutionary biologists in the world. Thus, this volume is totally unique, and takes a perspective that has never been taken before. It brings to the fore some of the most recent discoveries among fossil taxa, which have demonstrated the sort of detailed information that can be derived from the fossil record, illuminating the evolutionary pathways this sensory system has taken and the diversity it had achieved. 
650 0 |a Medicine. 
650 0 |a Neurosciences. 
650 0 |a Otorhinolaryngology. 
650 1 4 |a Medicine & Public Health. 
650 2 4 |a Otorhinolaryngology. 
650 2 4 |a Neurosciences. 
700 1 |a Clack, Jennifer A.  |e editor. 
700 1 |a Fay, Richard R.  |e editor. 
700 1 |a Popper, Arthur N.  |e editor. 
710 2 |a SpringerLink (Online service) 
773 0 |t Springer eBooks 
776 0 8 |i Printed edition:  |z 9783319466590 
830 0 |a Springer Handbook of Auditory Research,  |x 0947-2657 ;  |v 59 
856 4 0 |u http://dx.doi.org/10.1007/978-3-319-46661-3  |z Full Text via HEAL-Link 
912 |a ZDB-2-SBL 
950 |a Biomedical and Life Sciences (Springer-11642)